LEADER 01413cam a2200313 a 4500 001 000000166726 003 CaOOAMICUS 005 20180315103753.0 008 180315s2018 enk b 000 u eng r 020 $a978-0-567- 601-0* 032 $aLibriCat 040 $aPUL$bita 082 04$a225.6 100 1 $aJennings, Mark A.$0(OLS)http://pul/name/107548 245 14$aThe price of partnership in the Letter of Paul to the Philippians :$b"make my joy complete" /$cMark A. Jennings. 260 $aLondon, New York :$bBloomsbury T&T Clark,$c2018. 300 $axiv, 225 p. ;$c24 cm. 490 1 $aLibrary of New Testament studies ;$v578 504 $aInclude bibliografia e indici. 630 04$aBiblia.$pN.T.$pAd Philippenses.$0(OLS)http://pul/subject/15112 830 0$aLibrary of New Testament studies ;$v578.$0(OLS)http://pul/title/158087 850 $aPUL 852 $aPUL$W1$xSL Religione 3$y85$m225. 6 COLL 1.578$j191195$qDDC 21$B194172$CPULBib$Z2$F194172 $H130650 $81 941 1 $a9 996 $6020$a978-0-567- 601-0*$9(OLS)http://pul/number/163700 996 $6082$a225.6$9(OLS)http://pul/classification/1734 996 $6245$aThe price of partnership in the Letter of Paul to the Philippians :$b"make my joy complete"$9(OLS)http://pul/title/206479 996 $6260$aLondon, New York :$bBloomsbury T&T Clark$9(OLS)http://pul/publisher/82359 LEADER 04017nam a2200613 u 4500 001 000000106019 003 CaOOAMICUS 005 20070710174627.0 008 070704m19921997it u000 u ita u 020 $a88-04-33059-7 (v. 1) 020 $a88-04-36732-6 (v. 2) 020 $a88-04-41717-X (v. 5) 020 $z88-04-37878-6 (v. 3-4)* 040 $aPUL$bita$dLDB 041 1 $aita$alat$hlat 100 0 $aAugustinus,$cs., vesc. d'Ippona,$d354-430.$0(OLS)http://pul/name/1290 245 10$aConfessioni /$cSant'Agostino ; introduzione generale di Jacques Fontaine ; bibliografia generale di José Guirau ; testo criticamente riveduto e apparati scritturistici a cura di Manlio Simonetti ; traduzione di Gioacchino Chiarini. 260 $aRoma :$bFondazione Lorenzo Valla ;$aMilano :$bA. Mondadori,$c1992-1997. 300 $a5 v. ;$c21 cm 490 1 $aScrittori greci e latini 504 $aBibliografia: p. [cxxxvii]-clxi (vol. 1). 505 0 $av. 1. (Libri I-III) / commento a cura di Marta Cristiani, Luigi F. Pizzolato, Paolo Siniscalco. -- v. 2. (Libri IV-VI) / commento a cura di Patrice Cambronne, Luigi F. Pizzolato, Paolo Siniscalco. -- v. 3. (Libri VII-IX) / commento a cura di Goulven MAdec, Luigi F. Pizzolato. -- v. 4. (Libri X-XI) / commento a cura di Marta Cristiani, Aimé Solignac. -- v. 5. (Libri XII-XIII) / commento a cura di Jean Pépin, Manlio Simonetti. 700 1 $aMadec, Goulven.$0(OLS)http://pul/name/9551 700 1 $aPépin, Jean,$d1924-$0(OLS)http://pul/name/10336 700 1 $aSolignac, Aimé.$0(OLS)http://pul/name/13211 700 1 $aCambronne, Patrice.$0(OLS)http://pul/name/65121 700 1 $aSimonetti, Manlio,$d1926-$0(OLS)http://pul/name/851 700 1 $aGuirau, José.$0(OLS)http://pul/name/65120 700 1 $aSiniscalco, Paolo.$0(OLS)http://pul/name/6643 700 1 $aChiarini, Gioachino.$0(OLS)http://pul/name/35229 700 1 $aCristiani, Marta.$0(OLS)http://pul/name/7554 700 1 $aPizzolato, Luigi Franco,$d1939-$0(OLS)http://pul/name/772 700 1 $aFontaine, Jacques,$d1922-$0(OLS)http://pul/name/7143 700 0 $aAugustinus,$cs., vesc. d'Ippona,$d354-430.$tConfessiones.$0(OLS)http://pul/nameTitle/253$0(OLS)http://pul/name/1290$0(OLS)http://pul/title/1903 710 2 $aFondazione Lorenzo Valla.$0(OLS)http://pul/name/7842 830 0$aScrittori greci e latini.$0(OLS)http://pul/title/10625 850 $aPUL 852 $aPUL$W1$xSL Cons. Gen., Altre Classi 1$y1$m2000 B 26.1$j119303$av. 1$qStampati$B118924$CPULBib$Z2$F118924 $H76679 $82 852 $aPUL$W1$xSL Cons. Gen., Altre Classi 1$y1$m2000 B 26.2$j119304$av. 2$qStampati$B119168$CPULBib$Z2$F119168 $H76680 $82 852 $aPUL$W1$xSL Cons. Gen., Altre Classi 1$y1$m2000 B 26.3$j119305$av. 3$qStampati$B119169$CPULBib$Z2$F119169 $H76681 $82 852 $aPUL$W1$xSL Cons. Gen., Altre Classi 1$y1$m2000 B 26.4$j119306$av. 4$qStampati$B119170$CPULBib$Z2$F119170 $H76682 $82 852 $aPUL$W1$xSL Cons. Gen., Altre Classi 1$y1$m2000 B 26.5$j119307$av. 5$qStampati$B119171$CPULBib$Z2$F119171 $H76683 $82 900 $aAgostino,$cs., vesc. d'Ippona,$d354-430$91290 900 $aAgostino, Aurelio,$cs., vesc. d'Ippona$d354-430$91290 900 $aAgostino,$cs., vesc. d'Ippona,$d354-430$91290 900 $aAgostino, Aurelio,$cs., vesc. d'Ippona$d354-430$91290 941 1 $a8 996 $6020$a88-04-33059-7 (v. 1)$9(OLS)http://pul/number/135150 996 $6020$a88-04-36732-6 (v. 2)$9(OLS)http://pul/number/135151 996 $6020$z88-04-37878-6 (v. 3-4)*$9(OLS)http://pul/number/135152 996 $6020$a88-04-41717-X (v. 5)$9(OLS)http://pul/number/135153 996 $6245$aConfessioni$9(OLS)http://pul/title/19889 996 $6260$aRoma :$bFondazione Lorenzo Valla$9(OLS)http://pul/publisher/51617 996 $6260$aMilano :$bA. Mondadori$9(OLS)http://pul/publisher/48249